Návrh zotrvačníka minimotora pre súťažné účely

Na minha lista:
Detalhes bibliográficos
Autor principal: Pauer, Boris (Author)
Outros Autores: Chríbik, Andrej (Thesis advisor)
Formato: Manuscrito Livro
Idioma:eslovaco
Publicado em: 2016
Assuntos:
Acesso em linha:http://is.stuba.sk/zp/portal_zp.pl?podrobnosti=133003
Tags: Adicionar Tag
Sem tags, seja o primeiro a adicionar uma tag!

MARC

LEADER 00000ntm a22000003a 4500
001 stuzp56861
003 SK-STU
005 20160719155115.0
007 ta
008 150427s2015----xo-----f-mn---000-0-slo-d
040 |a STU  |b slo 
041 0 |a slo 
100 1 |a Pauer, Boris  |u 020030  |4 aut  |U SjF Strojnícka fakulta  |T SjF Ústav dopravnej techniky a konštruovania  |X 63117  |U J0030  |Y 806  |7 63117 
242 0 1 |a Design the flywheel Minimotors for competition purposes  |y eng 
245 1 0 |a Návrh zotrvačníka minimotora pre súťažné účely 
260 |c 2016 
650 4 |a Zotrvačník  |2 slo 
650 4 |a Nerovnomernosť chodu  |2 slo 
650 4 |a Honda GX25  |2 slo 
650 4 |a Flywheel  |2 eng 
650 4 |a non-uniformity of operation  |2 eng 
650 4 |a Honda GX25  |2 eng 
700 1 |a Chríbik, Andrej  |u 020030  |k Z1  |4 ths  |U SjF Strojnícka fakulta  |T SjF Ústav dopravnej techniky a konštruovania  |X 26808  |U J0030  |Y 806  |7 A000026808 
856 4 |u http://is.stuba.sk/zp/portal_zp.pl?podrobnosti=133003 
996 |b 284J044904  |c J* 2534/BP  |l JJSK  |s A  |a 24  |w stuzp56861_0001 
SQL |a stuzp56861  |b DBP  |c SLO  |d Návrh zotrvačníka minimotora pre súťažné účely  |e 63117  |f Pauer, Boris  |g 020030  |h 26808  |i Chríbik, Andrej  |j 20160614  |k 1125  |l 02  |m http://is.stuba.sk/zp/portal_zp.pl?podrobnosti=133003  |n B-AMPS  |o 5.2.3. dopravné stroje a zariadenia